000 00660nam a2200241Ia 4500
003 OSt
005 20220924120817.0
006 a|||||r|||| 00| 0
007 ta
008 220923b |||||||| |||| 00| 0 urd d
024 _a266623
037 _cTextual
040 _aARTS
_cARTS
_burd
041 _2urd
_aurd
082 _aB91:1, 168J8
100 _aAnritsari
_9183277
245 0 _aMiftahul tawarikh
260 _aDelhi
_bQutubkhan Anjuman Taraqqi India
_c1958
650 _aMATHEMATICS
_92141
700 _a Gaurdayal Singh
_9183278
942 _hB91:1, 168J8
_cTEXL
_2CC
999 _c404457
_d404457